[Event "Yingmei Cup CHN-chT 2017"]
[Site "?"]
[Date "2017.04.21"]
[Round "4"]
[White "Zeng, Chongsheng"]
[Black "Zhao, Jun"]
[Result "1/2-1/2"]
[WhiteElo "2536"]
[BlackElo "2616"]
[Annotator "TA"]
[PlyCount "54"]
[EventDate "2017.??.??"]
[SourceTitle "Shenzen"]

1. d4 Nf6 2. c4 e6 3. Nc3 Bb4 4. Qc2 O-O 5. a3 Bxc3+ 6. Qxc3 d6 7. Nf3 Nbd7 8.
g3 b6 9. Bg2 Bb7 10. O-O c5 11. Rd1 Rc8 {LiveBook: 6 Games. E32: Nimzo-Indian:
Classical (4 Qc2): 4...0-0} 12. Bg5 (12. dxc5 d5 13. Ne5 Nxc5 14. Bf4 Nfe4 15.
Qc2 f6 16. Nd3 Nd7 17. Qa4 Nec5 18. Nxc5 Nxc5 19. Qc2 {1-0 (43) Bu,X (2699)
-Sasikiran,K (2680) Sharjah 2014}) 12... Ne4 $146 (12... h6 13. Bxf6 Nxf6 14.
dxc5 Rxc5 15. b4 Rc7 16. Qd4 Qe7 17. Qxd6 Qxd6 18. Rxd6 Bxf3 19. Bxf3 Rxc4 {
1-0 (52) Frias Pablaza,V (2515)-Wojtkiewicz,A (2575) San Francisco 1997}) 13.
Qd3 Nxg5 14. Nxg5 Qxg5 15. Bxb7 Rcd8 16. Bc6 Qe7 17. Bxd7 Rxd7 18. b4 {The
position is equal.} cxd4 19. Qxd4 Rc8 20. Rac1 Rdd8 21. Rc3 Qc7 22. Rdd3 h6 23.
h4 Qe7 24. Kg2 Qb7+ 25. Kg1 Qe7 26. Kg2 Qb7+ 27. Kg1 Qe7 1/2-1/2

[Event "Yingmei Cup CHN-chT 2017"]
[Site "?"]
[Date "2017.04.21"]
[Round "4"]
[White "Wang, Chen"]
[Black "Wen, Yang"]
[Result "1/2-1/2"]
[WhiteElo "2505"]
[BlackElo "2613"]
[Annotator "TA"]
[PlyCount "61"]
[EventDate "2017.??.??"]
[SourceTitle "Shenzen"]

1. e4 e5 2. Nf3 Nc6 3. Nc3 Nf6 4. d4 exd4 5. Nxd4 Bb4 6. Nxc6 bxc6 7. Bd3 O-O
8. O-O d5 9. exd5 cxd5 10. Bg5 c6 11. Qf3 h6 12. Bxf6 Qxf6 13. Qxf6 gxf6 14.
Ne2 Rb8 15. Rad1 {[%emt 0:00:04] C7: Scotch Four Knights and Four Knights with
4 g3} Bd6 16. b3 Bg4 (16... Re8 17. h3 Rb6 18. Ng3 c5 19. Rfe1 Rxe1+ 20. Rxe1
Be6 21. c4 dxc4 22. Bxc4 Bxg3 23. fxg3 Bxc4 24. bxc4 {1/2-1/2 (33) Hou,Y (2651)
-Ding,L (2760) Sharjah 2017}) 17. h3 $146 {White is slightly better.} (17. f3
Be6 18. g4 Rfe8 19. Ng3 Be5 20. Kg2 a5 21. h3 a4 22. f4 Bb2 {1/2-1/2 (47)
Norberg,J (2364)-Jepson,C (2438) Sweden 2008}) 17... Bxe2 18. Bxe2 Rfe8 19. Bd3
Kf8 20. Rfe1 Rxe1+ 21. Rxe1 Re8 22. Rxe8+ Kxe8 $14 {Endgame KB-KB} 23. Kf1 Ke7
24. Ke2 Bc5 25. a4 Bb4 26. Bf5 Kd6 27. g4 Ke5 28. Bd7 c5 29. Be8 Ke6 30. f3 Ke7
31. Bc6 1/2-1/2

[Event "Yingmei Cup CHN-chT 2017"]
[Site "?"]
[Date "2017.04.21"]
[Round "4"]
[White "Liu, Qingnan"]
[Black "Xu, Xiangyu"]
[Result "1/2-1/2"]
[WhiteElo "2502"]
[BlackElo "2503"]
[Annotator "TA"]
[PlyCount "60"]
[EventDate "2017.??.??"]
[SourceTitle "Shenzen"]

1. e4 e5 2. Nf3 Nf6 3. Nxe5 d6 4. Nf3 Nxe4 5. d4 d5 6. Bd3 Bd6 7. O-O O-O 8. c4
c6 9. Nc3 Nxc3 10. bxc3 dxc4 11. Bxc4 Bf5 12. Bd3 {C42: Petroff Defence: 3
Nxe5 and unusual White 3rd moves} (12. Ne5 Bxe5 13. dxe5 Qe7 14. Re1 Nd7 15.
Qf3 g6 16. Qg3 Rfe8 17. Bf4 Qc5 18. Bb3 a5 19. a4 b5 {1-0 (50) Vachier Lagrave,
M (2796)-Li,C (2720) Sharjah 2017}) 12... Bxd3 13. Qxd3 Nd7 {LiveBook: 3 Games.
The position is equal.} 14. Qf5 $146 (14. Rb1 h6 15. c4 b6 16. Bb2 Nf6 17. Rbd1
Rc8 18. Rfe1 Re8 19. Ne5 Bxe5 20. dxe5 Qxd3 21. Rxd3 {1-0 (42) Quparadze,G 
(2481)-Kacharava,N (2030) Tbilisi 2016}) 14... Re8 15. Bg5 Qc7 16. Rfe1 Nf8 17.
Rab1 b6 18. g3 Qd7 19. Qd3 Bc7 20. c4 h6 21. Be3 Rad8 22. Rbd1 b5 23. Rc1 Bb6
24. Qc3 Ng6 25. Ne5 Bxd4 (25... Nxe5 $5 {feels hotter.} 26. dxe5 bxc4 27. a4
Qf5 28. Qxc4 Qxe5 29. Qxc6 Re6) 26. Bxd4 Qxd4 27. Nxc6 Qxc3 28. Rxe8+ Rxe8 29.
Rxc3 bxc4 30. Rxc4 Ne5 1/2-1/2

[Event "Yingmei Cup CHN-chT 2017"]
[Site "?"]
[Date "2017.04.21"]
[Round "4"]
[White "Fang, Yuxiang"]
[Black "Ding, Liren"]
[Result "0-1"]
[WhiteElo "2498"]
[BlackElo "2759"]
[Annotator "TA"]
[PlyCount "72"]
[EventDate "2017.??.??"]
[SourceTitle "Shenzen"]

1. Nf3 g6 2. c4 Bg7 3. Nc3 c5 4. g3 Nc6 5. Bg2 e5 6. O-O Nge7 7. Ne1 h5 {
[%emt 0:00:05] A37: Symmetrical English vs ...g6:4 Bg2 Bg7 Nf3} (7... a6 8. d3
Rb8 9. a4 d6 10. Nc2 O-O 11. Rb1 a5 12. Bg5 f6 13. Bd2 f5 14. f4 Be6 15. Nd5
Nb4 16. fxe5 Nbxd5 17. cxd5 Nxd5 18. exd6 Qxd6 19. Bxa5 {0-1 (34) Navara,D 
(2724)-Vachier Lagrave,M (2731) Biel 2015}) 8. h4 d6 9. d3 Be6 {The position
is equal.} 10. Nd5 O-O 11. Nc2 Qd7 12. Rb1 $146 (12. Bd2 Bh3 13. Rb1 Bxg2 14.
Kxg2 f5 15. e3 {1/2-1/2 (78) Fang,Y (2438)-Khotenashvili,B (2496) Doha 2015})
12... Bh3 13. b4 Bxg2 14. Kxg2 f5 15. Bg5 {aiming for b5.} Nxd5 16. cxd5 Nd4
17. e4 Rac8 18. bxc5 Rxc5 19. Nxd4 exd4 20. Qb3 b6 21. Rbc1 (21. Qd1 $11) 21...
Rc3 $36 {Black is more active.} 22. Rxc3 dxc3 23. Qb4 b5 24. Bf4 (24. d4 $17)
24... fxe4 $19 25. Qxe4 a5 ({Black should play} 25... Rf5 $17 26. Re1 Qf7 27.
Qe8+ Qxe8 28. Rxe8+ Kf7) 26. Qxg6 $11 b4 27. Re1 $2 (27. Qxd6 Qxd6 28. Bxd6 Rd8
$19) (27. d4 $11 {and White stays safe.}) 27... Qg4 $1 $19 28. Qxd6 $2 {[#]} (
28. Qxg4 {nothing else works.} hxg4 29. Bxd6) 28... Rxf4 $1 {Black is clearly
winning.} 29. Qxf4 Qxf4 30. gxf4 {Endgame [#] Threatens to win with Kf3. KR-KB}
a4 $1 31. d6 c2 32. d7 Bf6 33. Re8+ Kf7 34. Rc8 b3 35. axb3 axb3 36. Rc6 Bd8
0-1

[Event "Yingmei Cup CHN-chT 2017"]
[Site "?"]
[Date "2017.04.21"]
[Round "4"]
[White "Ma, Zhonghan"]
[Black "Lu, Shanglei"]
[Result "0-1"]
[WhiteElo "2465"]
[BlackElo "2620"]
[Annotator "TA"]
[PlyCount "136"]
[EventDate "2017.??.??"]
[SourceTitle "Shenzen"]

1. d4 d6 2. e4 g6 3. Nf3 Bg7 4. Nc3 Nc6 5. d5 {B06: Modern Defence} (5. h3 Nf6
6. Bb5 O-O 7. O-O a6 8. Bxc6 bxc6 9. Re1 Nd7 10. Bg5 h6 11. Bh4 Rb8 12. b3 c5
13. Nd5 g5 14. Bg3 e6 15. Ne3 cxd4 16. Nxd4 Bb7 {1-0 (46) Hansen,E (2584)
-Bauer,C (2630) Rabat 2014}) 5... Nb8 {LiveBook: 11 Games} 6. Bg5 c6 7. Be2 {
White is slightly better.} Nf6 8. O-O Bg4 $146 (8... O-O 9. Qd2 Bg4 10. Rfe1
Nbd7 11. h3 Bxf3 12. Bxf3 a5 13. a4 Qc7 14. Be2 Ne5 15. f4 Ned7 16. Kh1 Rfe8
17. Bh4 Qb6 {1-0 (41) Ochsner,T (2275)-Fries Nielsen,J (2405) Denmark 1991}) 9.
Re1 (9. a4 $5 {creates asymmetry.} O-O 10. a5 cxd5 11. exd5 Bd7 12. Re1) 9...
Nbd7 10. Nd2 Bxe2 11. Qxe2 h6 12. Bf4 O-O 13. a4 Rc8 14. a5 cxd5 15. exd5 Rxc3
16. bxc3 Nxd5 17. Bg3 (17. Qf3 $11 Nxf4 18. Qxf4) 17... Bxc3 $17 18. Ra3 Bxa5 (
{Better is} 18... Nc5 $17) 19. c4 $11 N5f6 20. Bf4 $1 Kg7 21. Qe3 $1 Rh8 22.
Qxa7 b6 $1 23. Qb7 g5 24. Be3 Ne5 $36 {Black is pushing.} 25. Raa1 {[#]} (25.
Rc1 $11 {remains equal.}) 25... Qc8 $1 $17 26. Qxc8 Rxc8 27. Rec1 Bxd2 $1 28.
Bxd2 Nxc4 29. Ra4 d5 30. Bc3 Kg6 31. Rb4 Ne4 32. Bd4 Ned6 33. Re1 b5 34. g4 Rc7
35. Ba1 f6 36. Rd1 e6 37. Rb3 Ra7 38. Bd4 Ra4 39. f3 (39. Bc3 $17) 39... e5 $19
40. Bc5 d4 41. Rc1 $2 (41. Rbb1) 41... Kf7 (41... Nd2 $142 42. Rb4 Nxf3+ 43.
Kf2 Ne4+ 44. Kxf3 Nxc5 45. Rxa4 Nxa4) 42. Bxd6 Nxd6 {Endgame KRR-KRN} 43. Rc6
Ke7 44. Kg2 Ra2+ 45. Kg3 (45. Kf1 $142) 45... Kd7 46. Rc5 Ke6 47. Rd3 f5 48.
gxf5+ $2 (48. Kh3) 48... Nxf5+ 49. Kh3 Rb2 50. Ra3 {Hoping for Ra6+.} Ne3 51.
Ra6+ Kf5 52. Rc8 g4+ 53. fxg4+ Ke4 {( -> ...Nf1)} (53... Nxg4 54. Rf8+ Ke4 55.
Kxg4 $16) 54. Rxh6 d3 55. Rd8 {[#]} (55. g5 $19 d2 56. Rh4+ Kf3 57. Rf8+ Ke2
58. Rd8) 55... Rxh2+ $1 {Black mates.} 56. Kxh2 Nxg4+ 57. Kg2 Nxh6 {KR-KN} 58.
Kf1 Ke3 ({Less strong is} 58... b4 59. Rb8 $17) 59. Rd5 e4 60. Rxb5 Kd2 61.
Rb2+ Kc1 62. Ra2 Nf5 63. Ra1+ Kc2 64. Ra2+ Kb3 65. Ra5 {[#]} Nd4 $1 ({Not} 
65... Ne3+ 66. Ke1 $17) 66. Kf2 Nc2 67. Re5 e3+ 68. Kf3 e2 0-1

[Event "Yingmei Cup CHN-chT 2017"]
[Site "?"]
[Date "2017.04.21"]
[Round "4"]
[White "Wang, Yiye"]
[Black "Malakhov, Vladimir"]
[Result "0-1"]
[WhiteElo "2425"]
[BlackElo "2714"]
[Annotator "TA"]
[PlyCount "70"]
[EventDate "2017.??.??"]
[SourceTitle "Shenzen"]

1. Nf3 g6 2. c4 Bg7 3. g3 c5 4. Bg2 Nc6 5. Nc3 d6 6. d3 e5 7. a3 Nge7 8. Rb1 a5
9. O-O O-O 10. Ne1 Be6 11. Nc2 d5 12. cxd5 Nxd5 13. Ne3 Nde7 14. Nc4 Rb8 {
[%emt 0:00:05] LiveBook: 37 Games. A37: Symmetrical English vs ...g6:4 Bg2 Bg7
Nf3} 15. f4 (15. Bg5 f6 16. Be3 Nd4 17. b4 axb4 18. axb4 b5 19. Nd2 cxb4 20.
Rxb4 Qa5 21. Qb1 Nec6 22. Bxc6 Nxc6 {1-0 (68) Anand,V (2785)-Tregubov,P (2607)
Bastia 2014}) 15... b5 16. Nxe5 Nxe5 {Black is slightly better.} 17. fxe5 Bxe5
18. Bf4 $146 (18. Kh1 f5 19. Bh6 Bg7 20. Bxg7 Kxg7 21. e4 Qd6 22. exf5 Nxf5 {
1/2-1/2 (30) Dunsbach,R (2239)-Jordan,C (2164) Travemuende 2004}) 18... Bxf4
19. Rxf4 f5 20. Rc1 Qd6 21. Qd2 b4 22. Nd1 c4 (22... g5 $5 {with more
complications.} 23. Rf1 h6 24. Nf2 Rbc8 25. e3 Bb3) 23. axb4 Rxb4 24. Qe3 (24.
d4 $11) 24... cxd3 $1 $15 25. exd3 Rxf4 26. Qxf4 Qxf4 ({But not} 26... Qxd3 $6
27. Qe5 Qb3 28. Ne3 $11) 27. gxf4 {[#]} Rd8 $1 28. Rc3 Rd4 29. Ne3 Rxf4 30. Nc4
a4 31. Ra3 Rd4 32. Bf1 Bd7 33. Kf2 Rf4+ 34. Ke1 Nd5 35. b3 (35. Ke2 {is a
better defense.}) 35... Nb4 0-1

[Event "Yingmei Cup CHN-chT 2017"]
[Site "?"]
[Date "2017.04.21"]
[Round "4"]
[White "Ding, Yixin"]
[Black "Gong, Qianyun"]
[Result "1/2-1/2"]
[WhiteElo "2420"]
[BlackElo "2300"]
[Annotator "TA"]
[PlyCount "69"]
[EventDate "2017.??.??"]
[SourceTitle "Shenzen"]

1. e4 e6 2. d4 d5 3. Nc3 Nc6 4. Nf3 Nf6 5. e5 Ne4 6. Bd3 Bb4 7. Bd2 Nxd2 8.
Qxd2 f6 9. exf6 {C10: French with 3 Nc3: Unusual Black 3rd moves and 3...dxe4}
(9. Bb5 O-O 10. Bxc6 bxc6 11. a3 Be7 12. Na4 Qe8 13. O-O f5 14. Nc5 f4 15. h3
a5 16. Rfc1 Qg6 {1-0 (48) Bologan,V (2607)-Bauer,C (2623) Berlin 2015}) 9...
Qxf6 10. O-O O-O {LiveBook: 6 Games} 11. Rae1 a6 12. Qe3 $146 (12. a3 Bd6 13.
Nd1 g6 14. c3 Qg7 15. Qg5 Rxf3 16. gxf3 Bd7 {0-1 (37) Mo,K (2269)-Remlinger,L 
(2302) ICC INT 2013}) 12... Bd7 13. a3 Ba5 14. Ne5 Nxe5 15. Qxe5 Bb6 16. Qxf6
gxf6 17. Ne2 Rae8 18. c4 dxc4 19. Bxc4 Bb5 20. Bxb5 axb5 21. Nf4 Kf7 22. d5 e5
23. Ne6 Rg8 24. Rc1 c6 ({Better is} 24... Re7 $17 {Strongly threatening ... c6!
} 25. Nc5 Rd8) 25. Nc5 $15 cxd5 26. Nxb7 {[#] Hoping for Nd6+.} Re6 27. Rfd1
Rb8 28. Nc5 Rd6 29. Na6 Rb7 30. Kf1 Bd4 31. Rc7+ Rd7 32. Rc2 Rd6 {The position
is equal.} 33. Rc7+ Rd7 34. Rc2 $1 Rd6 35. Rc7+ 1/2-1/2

[Event "Yingmei Cup CHN-chT 2017"]
[Site "?"]
[Date "2017.04.21"]
[Round "4"]
[White "Shvayger, Yuliya"]
[Black "Huang, Qian"]
[Result "1/2-1/2"]
[WhiteElo "2416"]
[BlackElo "2450"]
[Annotator "TA"]
[PlyCount "46"]
[EventDate "2017.??.??"]
[SourceTitle "Shenzen"]

1. e4 c5 2. Nf3 d6 3. d4 cxd4 4. Nxd4 Nf6 5. Nc3 a6 6. g3 e5 7. Nb3 Be7 8. Bg2
O-O 9. O-O Be6 10. Re1 {[%emt 0:00:06] B91: Sicilian Najdorf: g3} Nbd7 11. a4
Qc7 12. Nd2 Qc5 13. Nf1 Bd8 {LiveBook: 3 Games. The position is equal.} 14. Ne3
Ba5 15. Bd2 Nb6 $146 (15... Rac8 16. Ne2 Bxd2 17. Qxd2 Ng4 18. Nxg4 Bxg4 {
1/2-1/2 (39) Wei,Y (2706)-Giri,A (2798) Wijk aan Zee 2016}) 16. Ncd5 Nbxd5 17.
exd5 Bg4 18. Nxg4 Nxg4 19. Bxa5 Nxf2 {[#] ( -> ...Nh3+)} ({But not} 19... Qxf2+
$2 20. Kh1 f5 21. Re2 $18) 20. Qe2 (20. Bb4 $2 {is a self mate.} Nh3+ 21. Kh1 {
[#]} Qg1+ $1 22. Rxg1 Nf2#) 20... Nh3+ (20... Ng4+ $5 21. Kh1 $8 Nf2+ 22. Kg1
Nh3+ 23. Kh1 Nf2+ 24. Kg1 $11) 21. Kh1 {Threatens to win with Rf1.} Nf2+ 22.
Kg1 Nh3+ (22... Ng4+ $5 23. Kh1 $8 Nf2+ 24. Kg1 $11) 23. Kh1 {aiming for Rf1.}
Nf2+ 1/2-1/2

[Event "Yingmei Cup CHN-chT 2017"]
[Site "?"]
[Date "2017.04.21"]
[Round "4"]
[White "Guo, Qi"]
[Black "Ju, Wenjun"]
[Result "1/2-1/2"]
[WhiteElo "2413"]
[BlackElo "2596"]
[Annotator "TA"]
[PlyCount "66"]
[EventDate "2017.??.??"]
[SourceTitle "Shenzen"]

1. d4 Nf6 2. Nf3 e6 3. c4 b6 4. g3 Ba6 5. Qa4 Bb7 6. Bg2 c5 7. O-O cxd4 8. Nxd4
Bxg2 9. Kxg2 Bc5 {E15: Queen's Indian: 4 g3 sidelines, 4 g3 Ba6 and 4 g3 Bb7
early deviations} (9... Qc8 10. Rd1 Qb7+ 11. f3 Bc5 12. Nc3 O-O 13. Bg5 Ng4 14.
Ne4 h6 15. Bc1 Be7 16. Nb5 Ne5 17. Bf4 Ng6 18. Bd6 {0-1 (55) Nikolic,P (2603)
-Navara,D (2734) Berlin 2015}) 10. Rd1 O-O 11. Nc3 {LiveBook: 12 Games} h6 12.
Qc2 Qe7 $146 (12... Qc7 13. Nf3 Nc6 14. a3 Be7 15. Bf4 Qb7 16. Bd6 Bxd6 17.
Rxd6 Rfc8 18. b3 a6 19. Rad1 Rc7 20. a4 Ne5 21. Qd2 {1/2-1/2 (21) Brodt,A 
(2386)-Lennartz,M (2407) ICCF email 2011}) 13. b3 Nc6 14. Nxc6 dxc6 15. Ne4
Nxe4 {The position is equal.} 16. Qxe4 Qf6 $132 {Black has counterplay (4)} 17.
Be3 Bxe3 18. Qxe3 Rfd8 19. Qf3 Qxf3+ 20. Kxf3 $11 {Endgame KRR-KRR} Kf8 21. e3
Ke7 22. g4 f5 23. Kg3 Kf6 24. f3 g5 25. h3 c5 26. Kf2 Ke5 27. gxf5 exf5 28. Ke2
a5 29. a4 Rab8 30. Rac1 Rbc8 31. Rb1 Rb8 32. Rbc1 Rbc8 33. Rb1 Rb8 1/2-1/2

[Event "Yingmei Cup CHN-chT 2017"]
[Site "?"]
[Date "2017.04.21"]
[Round "4"]
[White "Wang, Tongsen"]
[Black "Xu, Minghui"]
[Result "1-0"]
[WhiteElo "2385"]
[BlackElo "2283"]
[Annotator "TA"]
[PlyCount "97"]
[EventDate "2017.??.??"]
[SourceTitle "Shenzen"]

1. e4 e5 2. Nc3 Nf6 3. g3 d5 4. exd5 Nxd5 5. Bg2 Nf6 {C26: Vienna Game: 2...
Nf6, sidelines} (5... Nxc3 6. bxc3 Nc6 7. Nf3 Bc5 8. O-O O-O 9. d3 Bg4 10. h3
Bh5 11. Rb1 Bb6 12. g4 Bg6 13. Bg5 f6 14. Be3 e4 15. Nh4 exd3 16. Nxg6 hxg6 17.
cxd3 Qd7 18. d4 {1/2-1/2 (84) Mamedov,R (2688)-Jakovenko,D (2704) Doha 2016})
6. Nf3 Nc6 7. O-O Bc5 {LiveBook: 12 Games. The position is equal.} 8. a3 a5
$146 (8... a6 9. d3 O-O 10. Be3 Bd4 11. Qd2 h6 12. Rae1 Be6 13. Bxd4 exd4 14.
Ne2 {1-0 (33) Livshits,G (2458)-Zanan,E (2247) Israel 2011}) 9. d3 h6 10. Be3
Bxe3 11. fxe3 O-O 12. Nd2 Bg4 13. Qe1 Be6 14. Nde4 Nxe4 15. Nxe4 Bd5 16. c4
Bxe4 17. Bxe4 a4 18. Qc3 Qd6 19. Bd5 Rad8 20. Rad1 Qc5 21. d4 exd4 22. exd4 Qd6
23. Qc2 Ne7 (23... b5 $11) 24. Bxb7 $16 c6 25. c5 (25. Qxa4 Rb8 $11) 25... Qb8
26. Ba6 Nd5 {next ...Ne3 is good for Black.} 27. Rd3 Rfe8 {White should
prevent ...Ne3.} 28. Qf2 (28. Qxa4 Qxb2 29. Qb3 (29. Qxc6 Re2 30. Qxd5 Rxd5 31.
Rf2 Rxf2 32. Rf3 Rg2+ 33. Kf1 Rxh2 34. Be2 Qxe2+ 35. Kg1 Qg2#) 29... Rb8 30.
Qxb2 Rxb2 $14) 28... Re7 29. Rf3 f6 30. Bc4 Qc8 31. Qc2 Kh8 (31... Qg4 $16) 32.
Qg6 Qe6 33. Bd3 {[#]} Kg8 34. Bc2 Rb7 (34... Ra7 $16 35. b3 (35. Qh7+ Kf8 36.
b4 axb3 37. Bxb3 Re8 $16) 35... axb3 36. Qh7+ (36. Bxb3 Rda8 $16) (36. Rxb3 Kf8
37. Qh7 Qg8 $16) 36... Kf8 37. Rxb3 (37. Bxb3 Re8 38. a4 Qg4 $16) 37... Qg8)
35. Qh7+ $40 {White attacks with force.} Kf8 36. Qh8+ Qg8 37. Qxg8+ Kxg8 38.
Bxa4 Rxb2 {[#]} 39. Bxc6 (39. R3f2 $1 $18 Rxf2 40. Kxf2 (40. Rxf2 Ne7 $16))
39... Ne7 $16 40. Be4 {Threatens to win with d5.} Rxd4 41. Rf4 ({White should
try} 41. Re1 $16) 41... Kh8 $2 (41... Rbd2 $14) 42. Bg2 $18 Rd3 (42... Rxf4
$142 43. gxf4 (43. Rxf4 Rc2 $16) 43... Rb3) 43. Re1 Ng6 $2 (43... Rdd2 {
keeps fighting.} 44. Bh1 (44. Rxe7 $2 Rxg2+ 45. Kf1 Rxh2 $19) 44... Nd5) 44.
Rb4 Rbd2 45. Be4 Ne5 {intending ...Nf3+.} 46. c6 f5 (46... Nxc6 $18 47. Bxc6 f5
) 47. Rb8+ {White mates.} ({Not} 47. Bxf5 Nf3+ 48. Kf1 Nxh2+ 49. Kg1 Nf3+ 50.
Kf1 Nh2+ 51. Kg1 Nf3+ 52. Kf1 Nh2+ $11) 47... Kh7 48. Bxf5+ g6 49. Rb7+ 1-0

[Event "Yingmei Cup CHN-chT 2017"]
[Site "?"]
[Date "2017.04.21"]
[Round "4"]
[White "Zhang, Xiaowen"]
[Black "Lei, Tingjie"]
[Result "1/2-1/2"]
[WhiteElo "2345"]
[BlackElo "2471"]
[Annotator "TA"]
[PlyCount "45"]
[EventDate "2017.??.??"]
[SourceTitle "Shenzen"]

1. e4 c6 2. d4 d5 3. exd5 cxd5 4. Bd3 Nc6 5. c3 Nf6 6. Bf4 Bg4 7. Qb3 {
LiveBook: 561 Games. The position is equal.} e5 {B13: Caro-Kann: Exchange
Variation and Panov-Botvinnik Attack} (7... Qc8 8. Nd2 e6 9. Ngf3 Be7 10. O-O
O-O 11. Rfe1 Bh5 12. a4 Bg6 13. Bf1 Ne4 14. Nxe4 Bxe4 15. Nd2 Bg6 16. a5 a6 17.
Qd1 Na7 18. Rc1 Nb5 19. c4 Nxd4 20. cxd5 {1/2-1/2 (41) Zhao,J (2634) -Wang,H 
(2732) China 2016}) 8. dxe5 Nh5 9. Be3 Nxe5 10. Bb5+ Nc6 11. h3 $146 (11. Nd2
Be6 12. Qa4 Qc7 13. Ngf3 Bd6 14. O-O O-O 15. Rfe1 {1/2-1/2 (40) Borgmeyer,M 
(2155)-Feuerstack,A (2446) Hamburg 2015}) 11... Be6 {[#] ...d4 is the strong
threat.} 12. Qd1 Nf6 13. Nf3 Bd6 14. O-O O-O 15. Nbd2 a6 16. Bd3 Re8 17. Nb3
Ne4 18. Nbd4 Bd7 19. Qb3 Nc5 20. Qc2 Ne4 21. Qb3 Nc5 22. Qc2 Ne4 23. Qb3
1/2-1/2

[Event "Yingmei Cup CHN-chT 2017"]
[Site "?"]
[Date "2017.04.21"]
[Round "4"]
[White "Yuan, Ye"]
[Black "Ni, Shiqun"]
[Result "1/2-1/2"]
[WhiteElo "2306"]
[BlackElo "2450"]
[Annotator "TA"]
[PlyCount "61"]
[EventDate "2017.??.??"]
[SourceTitle "Shenzen"]

1. d4 d5 2. c4 c6 3. Nf3 Nf6 4. e3 Bf5 5. Nc3 a6 6. Ne5 {D15: Slav Defence: 4
Nc3 a6 and gambit lines after 4 Nc3 dxc4} Nbd7 7. Qb3 Qc7 8. cxd5 {White has
an edge.} Nxe5 9. dxe5 Nxd5 10. Nxd5 cxd5 11. Bd2 Qxe5 12. Qxb7 {[#] Intending
Qc6+ and mate.} (12. Bc3 Qc7 13. Qxd5 e6 {1/2-1/2 (33) So, W (2808)-Carlsen,M 
(2840) Wijk aan Zee 2017}) 12... Rb8 13. Qxa6 {Black must now prevent Bb5+.}
Qxb2 14. Qc6+ $146 Bd7 15. Qc3 e5 16. Bd3 Bd6 17. O-O Ke7 18. Rfb1 Qxc3 19.
Bxc3 Rxb1+ 20. Rxb1 Rc8 21. Be1 e4 22. Be2 Rc2 23. Bd1 {The position is equal.}
Rxa2 24. Bb3 Ra7 {With the idea ...Rb7.} 25. Bxd5 f5 26. Bc3 Be6 27. Rb7+ Rxb7
28. Bxb7 Kf7 29. g3 Bc4 30. f3 exf3 31. Bxf3 1/2-1/2

[Event "Yingmei Cup CHN-chT 2017"]
[Site "?"]
[Date "2017.04.21"]
[Round "4"]
[White "Zhai, Mo"]
[Black "Zatonskih, Anna"]
[Result "1/2-1/2"]
[WhiteElo "2303"]
[BlackElo "2453"]
[Annotator "TA"]
[PlyCount "72"]
[EventDate "2017.??.??"]
[SourceTitle "Shenzen"]

1. d4 d5 2. c4 e6 3. Nc3 Nf6 4. Nf3 Be7 5. Bf4 O-O 6. e3 c5 7. dxc5 Bxc5 8. a3
Nc6 9. Qc2 Qa5 10. Nd2 Bb4 11. Rc1 {[%emt 0:00:05] D37: Queen's Gambit
Declined: Bf4} (11. cxd5 exd5 12. Bd3 Nh5 13. Bg3 h6 14. O-O Bxc3 15. Nb3 Qb6
16. Qxc3 Nxg3 17. hxg3 Rd8 18. Nc5 d4 19. exd4 Nxd4 {1/2-1/2 (29) Gelfand,B 
(2727)-Nielsen,P (2646) Turin 2006}) 11... Bxc3 12. Qxc3 Qxc3 13. Rxc3 e5 14.
Bg5 {LiveBook: 5 Games. Strongly threatening Bxf6.The position is equal.} Ne4
15. Nxe4 dxe4 16. f3 Bf5 $146 (16... f6 17. Bh4 exf3 18. gxf3 Be6 {1/2-1/2 (34)
Clarke,P-Eley,B Coventry 1970}) 17. c5 a5 18. Bc4 exf3 19. gxf3 Be6 20. Bb5 f6
21. Bh4 a4 22. O-O Rfd8 23. Rfc1 Rd2 24. R3c2 Rxc2 25. Rxc2 Bb3 26. Rc1 Kf7 27.
Be1 Ke6 28. Kf2 f5 29. Bc3 g6 30. h4 Rc8 31. Bxc6 bxc6 $11 {KRB-KRB} 32. f4
exf4 33. exf4 Kd5 34. Re1 Kxc5 35. Re7 h5 36. Rg7 Rg8 1/2-1/2

[Event "Yingmei Cup CHN-chT 2017"]
[Site "?"]
[Date "2017.04.21"]
[Round "4"]
[White "Xiao, Yiyi"]
[Black "Zhao, Xue"]
[Result "1/2-1/2"]
[WhiteElo "2290"]
[BlackElo "2499"]
[Annotator "TA"]
[PlyCount "91"]
[EventDate "2017.??.??"]
[SourceTitle "Shenzen"]

1. Nf3 d5 2. d4 Nf6 3. c4 e6 4. g3 dxc4 5. Bg2 Nc6 6. O-O Be7 7. Qa4 Bd7 8.
Qxc4 Na5 {E02: Open Catalan: 5 Qa4+} (8... O-O 9. Bg5 Rc8 10. Nc3 h6 11. Bxf6
Bxf6 12. Rfd1 Qe7 13. Ne4 Rfd8 14. Rac1 b6 15. e3 e5 16. d5 {1/2-1/2 (16)
Pavlov,S (2454)-Bortnyk,O (2552) Lvov 2015}) 9. Qd3 ({Better is} 9. Qc3 $16 Nd5
10. Qd3 (10. Qxa5 $2 Bb4 11. Qxb4 Nxb4 $19)) 9... c5 $11 10. dxc5 Bxc5 {
White has an edge.} 11. Ne5 O-O $146 (11... Rc8 12. Be3 Bxe3 13. Qxe3 Qb6 14.
Qxb6 axb6 15. b4 Nc6 16. Nc4 {1/2-1/2 (71) Azmaiparashvili,Z (2200)-Nikolic,P 
(2200) Teslic 1979}) 12. Nxd7 Qxd7 13. Qxd7 Nxd7 14. Nc3 Rac8 15. Rd1 Rfd8 16.
Ne4 Be7 17. Bd2 Nc4 18. Bc3 b5 19. Rac1 Ndb6 20. Rxd8+ Rxd8 21. b3 $36 {
White fights for an advantage.} Na3 22. Ba5 b4 23. Rc7 Rd1+ 24. Bf1 Nd7 (24...
Nd5 $14 25. Rc8+ (25. Rxa7 f5 26. Rxe7 Nxe7 27. Bxb4 fxe4 $15) (25. Rxe7 Nxe7
26. Bxb4 Nb1 27. Bxe7 f5 $15) 25... Bf8) 25. Rc8+ (25. Rxa7 $16 {Strongly
threatening Ra8+.} g6 26. Bxb4 Bxb4 27. Rxd7 $1 Rxd7 28. Nf6+ Kf8 29. Nxd7+ Ke7
30. Ne5) 25... Nf8 $14 26. Nc5 (26. h4 $14) 26... Nb1 {[#]} (26... Rc1 $1 $11 {
keeps the balance.} 27. Bxb4 Nb1) 27. Bxb4 (27. Nd3 $1 $16) 27... Rc1 $11 28.
Rc7 Ng6 29. e3 a5 30. Rc8+ Nf8 31. Bxa5 {aiming for Bb4.} Rxc5 32. Rxc5 Bxc5
33. a4 Nd7 34. Bd3 Na3 35. Kf1 Ne5 36. Ke2 Nc6 ({But not} 36... Nxd3 $6 37.
Kxd3 Kf8 38. b4 $16) 37. Bc3 f5 38. Kd2 Kf7 39. Kc1 $1 Nb4 40. Be2 Na2+ 41. Kb2
Nxc3 42. Kxc3 Nb1+ 43. Kc2 {White has strong compensation.} Na3+ 44. Kc3 Nb1+
$1 45. Kc2 (45. Kc4 $16 Bd6 46. a5) 45... Na3+ 46. Kc3 1/2-1/2